ბათუმის შოთა რუსთაველის სახელმწიფო უნივერსიტეტის ბიბლიოთეკა

ავალის შთამომავალნი. (ბიბ.ჩანაწერი № 40681)

000 -LEADER
fixed length control field 00771nam a2200217Ia 4500
001 - CONTROL NUMBER
control field 7316
003 - CONTROL NUMBER IDENTIFIER
control field GE_BSU
008 - FIXED-LENGTH DATA ELEMENTS--GENERAL INFORMATION
fixed length control field 181216s||||||||xx |||||||||||||| ||und||
040 ## - CATALOGING SOURCE
Transcribing agency GE_BSU
080 ## - UNIVERSAL DECIMAL CLASSIFICATION NUMBER
Universal Decimal Classification number 94(479.22)+929.52(479.22)
100 ## - MAIN ENTRY--PERSONAL NAME
Personal name სურმანიძე, რამაზ
245 ## - TITLE STATEMENT
Title ავალის შთამომავალნი.
245 ## - TITLE STATEMENT
Remainder of title ავალიან–ავალიშვილთა გვარის ისტორია.
245 ## - TITLE STATEMENT
Statement of responsibility, etc. რედ.: თემურ ავალიანი.
260 ## - PUBLICATION, DISTRIBUTION, ETC.
Place of publication, distribution, etc. თბილისი.
260 ## - PUBLICATION, DISTRIBUTION, ETC.
Name of publisher, distributor, etc. შპს კვარი.
260 ## - PUBLICATION, DISTRIBUTION, ETC.
Date of publication, distribution, etc. 2011.
300 ## - PHYSICAL DESCRIPTION
Extent 404 გვ. ილ.21 სმ.
653 ## - INDEX TERM--UNCONTROLLED
Uncontrolled term ავალის შთამომავალნი.
942 ## - ADDED ENTRY ELEMENTS (KOHA)
Koha item type წიგნი
ეგზემპლარები
Withdrawn status Lost status Damaged status Not for loan Date acquired Barcode Date last seen Price effective from Koha item type
        2018-12-17 18679 2018-12-17 2018-12-17 წიგნი